[Event "Bahn-SC Wuppertal 1 - SV Dinslaken 1"]
[Site "Oberliga NRW 2017/2018"]
[Date "2017.12.17"]
[Round "4.4"]
[White "Bashilin, Roman"]
[Black "Real, Thibault"]
[Result "1-0"]
[WhiteElo "2221"]
[BlackElo "2219"]
[PlyCount "75"]
[EventDate "2017.??.??"]
[WhiteTeam "Bahn-SC Wuppertal 1"]
[BlackTeam "SV Dinslaken 1"]

1. d4 Nf6 2. Nf3 e6 3. Bg5 d5 4. e3 Be7 5. Bd3 O-O 6. Nbd2 b6 7. Ne5 Bb7 8. Qf3
Nbd7 9. Qh3 Nxe5 10. dxe5 Ne4 11. Bf4 g6 12. Nf3 Nc5 13. Qh6 Nxd3+ 14. cxd3 f6
15. O-O d4 16. e4 c5 17. b3 f5 18. Ng5 Bxg5 19. Bxg5 Qc7 20. exf5 Rxf5 21. Bf6
Rxe5 22. Bxe5 Qxe5 23. Qh3 Qd5 24. Rae1 Re8 25. f4 Qd7 26. Re5 Bd5 27. Qg3 Rf8
28. h4 Kf7 29. h5 Rg8 30. Qh3 Rg7 31. Rfe1 Kg8 32. hxg6 hxg6 33. Qh4 a5 34. Kf2
Rh7 35. Qg5 Qf7 36. f5 Qf8 37. Kg1 Rf7 38. fxe6 1-0

[Event "Bahn-SC Wuppertal 1 - SV Dinslaken 1"]
[Site "Oberliga NRW 2017/2018"]
[Date "2017.12.17"]
[Round "4.5"]
[White "Welzel, Philipp"]
[Black "Khanukov, Boris"]
[Result "1-0"]
[WhiteElo "2187"]
[BlackElo "2230"]
[PlyCount "121"]
[EventDate "2017.??.??"]
[WhiteTeam "SV Dinslaken 1"]
[BlackTeam "Bahn-SC Wuppertal 1"]

1. d4 d5 2. c4 e6 3. Nf3 Nf6 4. g3 c6 5. Bg2 Nbd7 6. O-O Bd6 7. Nfd2 O-O 8. Nc3
Be7 9. e4 dxc4 10. Nxc4 b5 11. Ne3 b4 12. Na4 Ba6 13. Re1 Bb5 14. b3 Rc8 15.
Bb2 Qa5 16. Nc4 Qa6 17. Qc2 Bxa4 18. bxa4 Nb6 19. Nxb6 axb6 20. a3 bxa3 21.
Bxa3 Bxa3 22. Rxa3 Rfd8 23. Rd1 Qa5 24. Raa1 h6 25. Rac1 Nd7 26. h3 c5 27. Bf1
Qa8 28. d5 e5 29. Bb5 Qb8 30. Rb1 Qd6 31. Rdc1 Nf6 32. Bc6 Rb8 33. Rb5 Rdc8 34.
Kg2 Rxc6 35. dxc6 Qxc6 36. f3 Ne8 37. Qb3 Rd8 38. Rd1 Rxd1 39. Qxd1 Nc7 40. Rb2
c4 41. Qc2 b5 42. axb5 Nxb5 43. Qa4 Nd4 44. Rb8+ Kh7 45. Qxc6 Nxc6 46. Rc8 Nd4
47. Rxc4 Ne6 48. h4 h5 49. Kf2 g6 50. Ke3 Kg7 51. f4 Kf6 52. Rc6 exf4+ 53. gxf4
Ke7 54. f5 Nf8 55. Kf4 gxf5 56. Kxf5 Nd7 57. Rh6 Kf8 58. Rxh5 Kg7 59. Rg5+ Kh7
60. e5 Nc5 61. Kf6 1-0

[Event "Bahn-SC Wuppertal 1 - SV Dinslaken 1"]
[Site "Oberliga NRW 2017/2018"]
[Date "2017.12.17"]
[Round "4.6"]
[White "Tueckmantel, Rene"]
[Black "Borchert, Rene"]
[Result "1-0"]
[WhiteElo "2089"]
[BlackElo "2112"]
[PlyCount "57"]
[EventDate "2017.??.??"]
[WhiteTeam "Bahn-SC Wuppertal 1"]
[BlackTeam "SV Dinslaken 1"]

1. d4 Nf6 2. c4 e6 3. Nf3 d5 4. g3 Be7 5. Bg2 O-O 6. O-O dxc4 7. Qc2 a6 8. a4
Bd7 9. Qxc4 Bc6 10. Nc3 a5 11. Bf4 Na6 12. Rac1 Rc8 13. Rfe1 Bb4 14. Bg5 Qe8
15. Bxf6 gxf6 16. Nh4 Bxg2 17. Kxg2 c6 18. e4 Qd7 19. Red1 Rfd8 20. Qe2 Bf8 21.
Qh5 Qc7 22. Qg4+ Kh8 23. Qh5 Nb4 24. d5 Bg7 25. d6 Rxd6 26. Nb5 Rxd1 27. Nxc7
Rxc1 28. Qxf7 f5 29. Ne8 1-0

[Event "Bahn-SC Wuppertal 1 - SV Dinslaken 1"]
[Site "Oberliga NRW 2017/2018"]
[Date "2017.12.17"]
[Round "4.7"]
[White "Ossig, Rainer"]
[Black "Savchenko, Daniel"]
[Result "1/2-1/2"]
[WhiteElo "2135"]
[BlackElo "2047"]
[PlyCount "77"]
[EventDate "2017.??.??"]
[WhiteTeam "SV Dinslaken 1"]
[BlackTeam "Bahn-SC Wuppertal 1"]

1. Nf3 Nf6 2. g3 e6 3. Bg2 b5 4. Na3 a6 5. O-O Bb7 6. b3 Be7 7. c4 b4 8. Nc2 a5
9. a3 d5 10. axb4 axb4 11. Rxa8 Bxa8 12. Ne5 Nbd7 13. Nxd7 Kxd7 14. d3 Qb8 15.
Bb2 Rd8 16. Qa1 Ke8 17. Qa4+ Kf8 18. Ra1 c5 19. Qa6 Qc7 20. Qb5 Bc6 21. Qa5 Qd6
22. Qa2 dxc4 23. bxc4 Ra8 24. Qb1 Bxg2 25. Kxg2 Qc6+ 26. Kg1 Nd7 27. Rxa8+ Qxa8
28. Qa1 Qxa1+ 29. Nxa1 e5 30. Nb3 f5 31. e3 Kf7 32. Kf1 Ke6 33. Ke2 g6 34. f3
Nb6 35. e4 h5 36. Bc1 fxe4 37. fxe4 Nd7 38. Be3 Kd6 39. h3 1/2-1/2

[Event "Bahn-SC Wuppertal 1 - SV Dinslaken 1"]
[Site "Oberliga NRW 2017/2018"]
[Date "2017.12.17"]
[Round "4.8"]
[White "Patscha, Elias"]
[Black "Nent, Alexander"]
[Result "1/2-1/2"]
[WhiteElo "1971"]
[BlackElo "2062"]
[Annotator "Daniel"]
[PlyCount "81"]
[EventDate "2017.??.??"]
[WhiteTeam "Bahn-SC Wuppertal 1"]
[BlackTeam "SV Dinslaken 1"]

1. d4 Nf6 2. Nf3 g6 3. Bf4 Bg7 4. e3 O-O 5. Be2 d6 6. O-O c5 7. c3 Qb6 8. Qc1
Nc6 9. Nbd2 cxd4 10. exd4 Bf5 11. Nc4 Qc7 12. Bh6 Rac8 13. Bxg7 Kxg7 14. Ne3
Be6 15. Qd1 d5 16. Bd3 Qf4 17. Nd2 Ng4 18. Nxg4 Bxg4 19. Be2 Bxe2 $11 20. Qxe2
e6 21. g3 Qd6 22. f4 b5 23. b4 Ne7 24. Rfc1 Qc6 25. Nb3 Nf5 26. Nc5 Ra8 27. a4
a6 28. Ra2 Nd6 29. Rca1 Ne4 30. axb5 axb5 31. Ra6 Nxc5 32. Rxc6 Rxa1+ 33. Kg2
Ne4 34. c4 Rfa8 35. cxb5 Rb1 36. Rc2 Rxb4 37. Rb2 Rxd4 38. b6 Rb8 39. b7 Rxb7
40. Rxb7 Rd2 41. Kf3 1/2-1/2

[Event "Bochumer SV 1 - SV Mülheim-Nord 2"]
[Site "Oberliga NRW 2017/2018"]
[Date "2017.12.17"]
[Round "4.1"]
[White "Warmerdam, Max"]
[Black "Zaitsev, Mikhail"]
[Result "1/2-1/2"]
[WhiteElo "2384"]
[BlackElo "2422"]
[PlyCount "29"]
[EventDate "2017.??.??"]
[WhiteTeam "SV Mülheim-Nord 2"]
[BlackTeam "Bochumer SV 1"]

1. e4 e5 2. Nf3 Nf6 3. Nxe5 d6 4. Nf3 Nxe4 5. Nc3 Nf6 6. d4 Be7 7. Bd3 O-O 8.
h3 Re8 9. O-O Nbd7 10. Bf4 Nf8 11. Qd2 Ng6 12. Bh2 Bf8 13. Rae1 Bd7 14. d5 a6
15. Rxe8 1/2-1/2

[Event "Bochumer SV 1 - SV Mülheim-Nord 2"]
[Site "Oberliga NRW 2017/2018"]
[Date "2017.12.17"]
[Round "4.2"]
[White "Illner, Achim"]
[Black "Rezasade, Amir"]
[Result "1/2-1/2"]
[WhiteElo "2445"]
[BlackElo "2318"]
[PlyCount "31"]
[EventDate "2017.??.??"]
[WhiteTeam "Bochumer SV 1"]
[BlackTeam "SV Mülheim-Nord 2"]

1. d4 d5 2. Nf3 Nf6 3. c4 c6 4. cxd5 cxd5 5. Nc3 Nc6 6. Bf4 a6 7. Rc1 g6 8. e3
Bg7 9. h3 O-O 10. Bd3 Be6 11. O-O h6 12. Ne5 Rc8 13. Na4 Nxe5 14. Rxc8 Qxc8 15.
Bxe5 Nd7 16. Bxg7 1/2-1/2

[Event "Bochumer SV 1 - SV Mülheim-Nord 2"]
[Site "Oberliga NRW 2017/2018"]
[Date "2017.12.17"]
[Round "4.3"]
[White "Buckels, Valentin"]
[Black "Schneider, Bernd"]
[Result "1/2-1/2"]
[WhiteElo "2316"]
[BlackElo "2287"]
[Annotator "Daniel"]
[PlyCount "157"]
[EventDate "2017.??.??"]
[WhiteTeam "SV Mülheim-Nord 2"]
[BlackTeam "Bochumer SV 1"]

1. d4 g6 2. c4 Bg7 3. Nf3 d6 4. g3 Nf6 5. Bg2 O-O 6. O-O Nbd7 7. Qc2 e5 8. e4
Re8 9. Rd1 exd4 10. Nxd4 Nc5 11. Nc3 a5 12. b3 c6 13. h3 Qe7 14. f3 Bd7 15. Kh2
Nh5 16. Nce2 f5 17. Nf4 fxe4 18. Nxh5 gxh5 19. fxe4 Be5 20. Bf4 h4 21. Qc3 Qg7
22. Bxe5 Qxe5 23. Ne2 Qxc3 24. Nxc3 hxg3+ 25. Kxg3 Re6 26. Rd2 Kf7 27. Kh2 Ke7
28. Rad1 Rg8 29. Rf1 Rf8 30. Rxf8 Kxf8 31. Bf3 Rh6 32. Bg2 $11 Ke7 33. Ne2 Ne6
34. Rd3 Rf6 35. Kg3 Be8 36. Re3 Bh5 37. Nc3 Rg6+ 38. Kf2 Nf4 39. Bf1 Ke6 40.
Nb1 Ke5 41. Nd2 Rf6 42. Ke1 Kd4 43. Rg3 Rg6 44. Nf3+ Kxe4 45. Kf2 Rxg3 46. Nd2+
Kd4 47. Kxg3 Ke3 48. Nb1 d5 49. cxd5 cxd5 50. Na3 Bd1 51. Bb5 Nh5+ 52. Kh4 Kf4
53. Bd3 Nf6 54. Nb5 h6 55. Nd6 b6 56. Nc8 Nd7 57. Ne7 d4 58. Ng6+ Ke3 59. Bb5
Nc5 60. Ne5 Kf4 61. Ng6+ Ke4 62. Bc6+ Ke3 63. Ne7 d3 64. Nd5+ Kf2 65. Nxb6 Ne6
66. Nc4 Be2 67. Be4 Nf4 68. a3 d2 69. Nxd2 Ke3 70. b4 axb4 71. axb4 Kxd2 72.
Bc6 Ke3 73. Kg3 Nh5+ 74. Kh4 Kf4 75. Bb5 Bd1 76. Ba4 Be2 77. Bb5 Bf3 78. Bc6
Be2 79. Bb5 1/2-1/2

[Event "Bochumer SV 1 - SV Mülheim-Nord 2"]
[Site "Oberliga NRW 2017/2018"]
[Date "2017.12.17"]
[Round "4.4"]
[White "Heinbuch, Detlef Ulrich"]
[Black "van Osch, Mees"]
[Result "1/2-1/2"]
[WhiteElo "2239"]
[BlackElo "2284"]
[PlyCount "33"]
[EventDate "2017.??.??"]
[WhiteTeam "Bochumer SV 1"]
[BlackTeam "SV Mülheim-Nord 2"]

1. c4 Nf6 2. g3 g6 3. Bg2 Bg7 4. Nc3 O-O 5. e4 c5 6. Nge2 Nc6 7. O-O d6 8. a3
Ne8 9. Rb1 Nc7 10. d3 Rb8 11. b4 cxb4 12. axb4 b5 13. Be3 bxc4 14. dxc4 Rxb4
15. Rxb4 Nxb4 16. Bxa7 Ne6 17. Nd5 1/2-1/2

[Event "Bochumer SV 1 - SV Mülheim-Nord 2"]
[Site "Oberliga NRW 2017/2018"]
[Date "2017.12.17"]
[Round "4.5"]
[White "Bus, Tom"]
[Black "Wolter, Detlev"]
[Result "1/2-1/2"]
[WhiteElo "2096"]
[BlackElo "2211"]
[PlyCount "27"]
[EventDate "2017.??.??"]
[WhiteTeam "SV Mülheim-Nord 2"]
[BlackTeam "Bochumer SV 1"]

1. Nf3 Nf6 2. g3 g6 3. b3 Bg7 4. Bb2 O-O 5. Bg2 d6 6. d4 c6 7. O-O a5 8. Re1
Bf5 9. Nbd2 d5 10. c4 Na6 11. a3 Ne4 12. Nh4 Nxd2 13. Qxd2 Be6 14. e4 1/2-1/2

[Event "Bochumer SV 1 - SV Mülheim-Nord 2"]
[Site "Oberliga NRW 2017/2018"]
[Date "2017.12.17"]
[Round "4.6"]
[White "Kiese, Matthias"]
[Black "Nachbar, Benjamin"]
[Result "1/2-1/2"]
[WhiteElo "2206"]
[BlackElo "2062"]
[PlyCount "46"]
[EventDate "2017.??.??"]
[WhiteTeam "Bochumer SV 1"]
[BlackTeam "SV Mülheim-Nord 2"]

1. d4 Nf6 2. Nf3 e6 3. Bg5 h6 4. Bxf6 Qxf6 5. Nbd2 b6 6. g3 Bb7 7. Bg2 g6 8. c3
Bg7 9. O-O O-O 10. a4 d6 11. e4 a6 12. Re1 Nd7 13. Nc4 Qe7 14. Qc2 Rab8 15.
Rad1 Ba8 16. Ne3 b5 17. axb5 axb5 18. Ra1 Nf6 19. Nd2 c5 20. e5 Nd5 21. exd6
Qxd6 22. Ne4 Nxe3 23. fxe3 Bxe4 1/2-1/2

[Event "Bochumer SV 1 - SV Mülheim-Nord 2"]
[Site "Oberliga NRW 2017/2018"]
[Date "2017.12.17"]
[Round "4.7"]
[White "Krueger, Andre"]
[Black "Jellinghaus, Lars"]
[Result "1/2-1/2"]
[WhiteElo "2053"]
[BlackElo "2109"]
[PlyCount "33"]
[EventDate "2017.??.??"]
[WhiteTeam "SV Mülheim-Nord 2"]
[BlackTeam "Bochumer SV 1"]

1. d4 e6 2. Bf4 d5 3. e3 Bd6 4. Bg3 Nf6 5. Nd2 c5 6. c3 Nc6 7. Ngf3 O-O 8. Bb5
Ne7 9. Bd3 b6 10. e4 Bxg3 11. hxg3 Ng6 12. e5 Nd7 13. Nh4 Re8 14. Nxg6 fxg6 15.
Qg4 Nf8 16. Nf3 Qe7 17. Qf4 1/2-1/2

[Event "Bochumer SV 1 - SV Mülheim-Nord 2"]
[Site "Oberliga NRW 2017/2018"]
[Date "2017.12.17"]
[Round "4.8"]
[White "Hinkmann, Jens"]
[Black "Wagner, Leopold Franziskus"]
[Result "1/2-1/2"]
[WhiteElo "1987"]
[BlackElo "2074"]
[PlyCount "41"]
[EventDate "2017.??.??"]
[WhiteTeam "Bochumer SV 1"]
[BlackTeam "SV Mülheim-Nord 2"]

1. e4 c6 2. d4 d5 3. e5 Bf5 4. g4 Bg6 5. h4 h5 6. e6 Qd6 7. exf7+ Bxf7 8. g5 g6
9. f4 Be6 10. Bd3 Bg4 11. Nf3 Bg7 12. c3 Nd7 13. O-O Nf8 14. Qc2 O-O-O 15. Be3
Qe6 16. Qf2 Bf5 17. Be2 Qd6 18. Ne5 Bxe5 19. dxe5 Qd7 20. Bxa7 Bg4 21. Nd2
1/2-1/2

[Event "Oberhausener SV 1 - SF Essen-Katernberg"]
[Site "Oberliga NRW 2017/2018"]
[Date "2017.12.17"]
[Round "4.1"]
[White "Siebrecht, Sebastian"]
[Black "Hort, Vlastimil"]
[Result "1-0"]
[WhiteElo "2410"]
[BlackElo "2391"]
[PlyCount "129"]
[EventDate "2017.??.??"]
[WhiteTeam "SF Essen-Katernberg  1"]
[BlackTeam "Oberhausener SV 1"]

1. Nf3 g6 2. d4 Bg7 3. e4 d6 4. Nc3 a6 5. a4 b6 6. Bg5 Bb7 7. Bd3 h6 8. Be3 Nd7
9. O-O e6 10. h3 Ne7 11. Qd2 c5 12. Rfe1 cxd4 13. Bxd4 O-O 14. Bxg7 Kxg7 15.
Rad1 Nc8 16. Bf1 Ra7 17. Qe3 Qc7 18. Nd2 Ne5 19. f4 Nc6 20. Nc4 Kh7 21. Qf2 Nb4
22. a5 bxa5 23. Nxd6 Qb6 24. Nxb7 Rxb7 25. Rd2 Ne7 26. Qxb6 Rxb6 27. Na4 Rbb8
28. c3 Nbc6 29. Bxa6 Rfd8 30. Red1 Rxd2 31. Rxd2 g5 32. fxg5 hxg5 33. Kf2 Ne5
34. Ke3 N7c6 35. Nc5 Kg6 36. b3 Rb6 37. Ra2 Kf6 38. c4 Ke7 39. Bb5 Rb8 40. Rd2
Rc8 41. Nd3 Nxd3 42. Rxd3 Ne5 43. Rd2 g4 44. h4 f6 45. g3 Rb8 46. Rd1 Rc8 47.
Ra1 Rd8 48. c5 Rc8 49. Rc1 Kd8 50. Ba4 Kc7 51. Rf1 Kd8 52. Rxf6 Ke7 53. Rh6 Rd8
54. Bb5 Rb8 55. Ba4 Rd8 56. Rh5 Kf6 57. Kf4 Rd1 58. Rh6+ Ng6+ 59. Kxg4 Kg7 60.
Rh5 Kf6 61. c6 Ne5+ 62. Kf4 Rf1+ 63. Ke3 Rd1 64. Bb5 Rb1 65. Rxe5 1-0

[Event "Oberhausener SV 1 - SF Essen-Katernberg"]
[Site "Oberliga NRW 2017/2018"]
[Date "2017.12.17"]
[Round "4.2"]
[White "Litwak, Aleksej"]
[Black "Tomic, Bosko"]
[Result "0-1"]
[WhiteElo "2306"]
[BlackElo "2355"]
[PlyCount "110"]
[EventDate "2017.??.??"]
[WhiteTeam "Oberhausener SV 1"]
[BlackTeam "SF Essen-Katernberg  1"]

1. e4 c5 2. Nf3 d6 3. d4 cxd4 4. Nxd4 Nf6 5. Nc3 Nc6 6. Bg5 Bd7 7. Qd2 Rc8 8.
O-O-O Nxd4 9. Qxd4 Qa5 10. f4 h6 11. Bxf6 gxf6 12. Kb1 Qc5 13. Qd2 Bg7 14. f5
h5 15. Bd3 Bh6 16. Qe2 Qe3 17. Nd5 Qxe2 18. Bxe2 h4 19. Rd3 Bg5 20. Rf1 Bc6 21.
Rc3 Kd7 22. Bg4 Bxd5 23. exd5 Rxc3 24. bxc3 Rc8 25. Bh5 Ke8 26. Rf3 Rc5 27. Rd3
Bf4 28. g3 Rb5+ 29. Ka1 hxg3 30. hxg3 Be5 31. a3 Kf8 32. Be2 Kg7 33. g4 Ra5 34.
Kb2 Kh6 35. a4 Kg5 36. Kb3 b5 37. axb5 Rxb5+ 38. Ka2 a5 39. Bf3 Rb8 40. Be2 Rh8
41. Kb3 Rh2 42. Bd1 Rg2 43. Ka4 Rxg4+ 44. Bxg4 Kxg4 45. Kxa5 Kxf5 46. Kb6 Ke4
47. Kc6 f5 48. Kd7 Bf6 49. Ke8 f4 50. Kxf7 f3 51. c4 Bd4 52. Kxe7 Bc5 53. Kf6
f2 54. Rd1 Ke3 55. c3 Ke2 0-1

[Event "Oberhausener SV 1 - SF Essen-Katernberg"]
[Site "Oberliga NRW 2017/2018"]
[Date "2017.12.17"]
[Round "4.3"]
[White "Rosen, Bernd"]
[Black "Becker, Marcel"]
[Result "1-0"]
[WhiteElo "2262"]
[BlackElo "2268"]
[PlyCount "109"]
[EventDate "2017.??.??"]
[WhiteTeam "SF Essen-Katernberg  1"]
[BlackTeam "Oberhausener SV 1"]

1. Nf3 d5 2. g3 Nf6 3. Bg2 Bf5 4. O-O e6 5. c4 c6 6. d3 h6 7. cxd5 exd5 8. Qc2
Be7 9. Nc3 O-O 10. e4 Bh7 11. Re1 Nbd7 12. h3 Nc5 13. Be3 Ne6 14. exd5 Nxd5 15.
Nxd5 Qxd5 16. Nd4 Nxd4 17. Bxd4 Qxd4 18. Rxe7 Qb4 19. Rae1 Rab8 20. a3 Qd6 21.
Be4 Bxe4 22. R1xe4 a6 23. Qc3 c5 24. Rg4 g6 25. Rge4 b5 26. R4e6 Qxe6 27. Rxe6
fxe6 28. Qxc5 Rf6 29. f4 Rbf8 30. h4 h5 31. d4 Rf5 32. Qc6 a5 33. Qxe6+ Kg7 34.
d5 R5f7 35. Kf2 Rd8 36. Ke3 Rdd7 37. Kd4 b4 38. a4 b3 39. Qe5+ Kh7 40. d6 Ra7
41. Qe6 Kg7 42. Qxb3 Rab7 43. Qc3 Rf5 44. Ke4+ Kh7 45. Qc6 Rff7 46. Qd5 Rb4+
47. Kf3 Rf5 48. Qd3 Rb8 49. Qc4 Rb7 50. Qe6 Rff7 51. Ke4 Kg7 52. Kd5 Rb3 53.
Kc6 Rd3 54. Qe5+ Kh7 55. Qxa5 1-0

[Event "Oberhausener SV 1 - SF Essen-Katernberg"]
[Site "Oberliga NRW 2017/2018"]
[Date "2017.12.17"]
[Round "4.4"]
[White "Stillger, Bernhard"]
[Black "Wessendorf, Thomas"]
[Result "1-0"]
[WhiteElo "2302"]
[BlackElo "2192"]
[PlyCount "69"]
[EventDate "2017.??.??"]
[WhiteTeam "Oberhausener SV 1"]
[BlackTeam "SF Essen-Katernberg  1"]

1. d4 Nf6 2. Nf3 c5 3. d5 e6 4. Nc3 b5 5. dxe6 fxe6 6. Nxb5 d5 7. e3 Nc6 8. Be2
Be7 9. O-O O-O 10. c4 Rb8 11. cxd5 exd5 12. b3 Qa5 13. Bd2 Qb6 14. Nc3 Bf5 15.
Rc1 Qc7 16. Nh4 Be6 17. Qc2 Nb4 18. Qb1 Ng4 19. Bxg4 Bxg4 20. a3 Bxh4 21. axb4
Qf7 22. f3 Be6 23. bxc5 Be7 24. Ne2 Bf5 25. Qb2 Bd3 26. Rf2 Bh4 27. Ng3 Bf6 28.
Bc3 Be7 29. Be5 Rb5 30. c6 Bc4 31. Rc3 Qe6 32. Bd4 Rb4 33. Qc2 Ba6 34. c7 Rc8
35. Rc6 1-0

[Event "Oberhausener SV 1 - SF Essen-Katernberg"]
[Site "Oberliga NRW 2017/2018"]
[Date "2017.12.17"]
[Round "4.5"]
[White "Kueppers, Timo"]
[Black "Kaufeld, Juergen"]
[Result "1/2-1/2"]
[WhiteElo "2158"]
[BlackElo "2260"]
[PlyCount "133"]
[EventDate "2017.??.??"]
[WhiteTeam "SF Essen-Katernberg  1"]
[BlackTeam "Oberhausener SV 1"]

1. c4 e6 2. g3 d5 3. Bg2 Nf6 4. Nf3 dxc4 5. Qa4+ Bd7 6. Qxc4 c5 7. Ne5 Qc8 8.
O-O Nc6 9. Nxd7 Qxd7 10. Nc3 Rc8 11. Ne4 Nxe4 12. Qxe4 Be7 13. d3 O-O 14. Bd2
b6 15. Bc3 Nd4 16. Rab1 h6 17. h4 Rcd8 18. Kh2 Qc7 19. Rfe1 Rd7 20. Qg4 f5 21.
Qg6 Rf6 22. Qh5 Rf7 23. f4 Bf8 24. e3 Nc6 25. Qf3 Nb4 26. Bxb4 cxb4 27. Rbc1
Qd8 28. d4 Kh7 29. Rc6 Rd6 30. Rec1 Rxc6 31. Qxc6 Bd6 32. Qc8 Qxc8 33. Rxc8 g6
34. Rd8 Be7 35. Rd7 Kg7 36. Rxa7 Bd8 37. Rxf7+ Kxf7 38. Bf1 g5 39. hxg5 hxg5
40. Bc4 gxf4 41. gxf4 Kf6 42. Kg3 Be7 43. Ba6 Kf7 44. Bc8 Bf6 45. Kf3 Ke7 46.
Ke2 Bh4 47. d5 exd5 48. Bxf5 Kd6 49. Kd3 Bg3 50. Bh7 Bh4 51. Bg8 Bf6 52. b3 Bg7
53. Ke2 Bb2 54. Kf3 Bc1 55. Bf7 Bd2 56. Ke2 Bc1 57. Kd3 Bb2 58. Bg6 Bf6 59. e4
dxe4+ 60. Bxe4 Kc5 61. Bb7 Bb2 62. Ba8 Ba1 63. Ke4 Kd6 64. Bd5 Bb2 65. Bc4 Ba1
66. f5 Bf6 67. Bd5 1/2-1/2

[Event "Oberhausener SV 1 - SF Essen-Katernberg"]
[Site "Oberliga NRW 2017/2018"]
[Date "2017.12.17"]
[Round "4.6"]
[White "Kummerow, Heiko"]
[Black "Dahm, Bernd"]
[Result "1/2-1/2"]
[WhiteElo "2154"]
[BlackElo "2132"]
[PlyCount "69"]
[EventDate "2017.??.??"]
[WhiteTeam "Oberhausener SV 1"]
[BlackTeam "SF Essen-Katernberg  1"]

1. e4 e6 2. d4 d5 3. Nd2 Nf6 4. e5 Nfd7 5. Bd3 c5 6. c3 Nc6 7. Ne2 a5 8. O-O a4
9. a3 Nb6 10. Nf3 Bd7 11. dxc5 Bxc5 12. Ned4 Nxd4 13. Nxd4 Qc7 14. Qg4 g6 15.
Nb5 Bxb5 16. Bxb5+ Kd8 17. Bg5+ Kc8 18. Rfe1 Bxf2+ 19. Kxf2 Qc5+ 20. Qd4 Qxb5
21. Kg1 h6 22. Bf6 Rh7 23. Rf1 Kd7 24. Rf2 Rc8 25. Raf1 Rc4 26. Qd1 Ke8 27. Qf3
Nd7 28. Qh3 Qc5 29. Kh1 Re4 30. Qg3 Qc7 31. Qd3 Qc4 32. Qg3 Qc7 33. Qd3 Qc4 34.
Qg3 Qc7 35. Qd3 1/2-1/2

[Event "Oberhausener SV 1 - SF Essen-Katernberg"]
[Site "Oberliga NRW 2017/2018"]
[Date "2017.12.17"]
[Round "4.7"]
[White "Heldt, Maximilian"]
[Black "Ciornei, Dragos"]
[Result "1/2-1/2"]
[WhiteElo "2122"]
[BlackElo "2050"]
[PlyCount "42"]
[EventDate "2017.??.??"]
[WhiteTeam "SF Essen-Katernberg  1"]
[BlackTeam "Oberhausener SV 1"]

1. c4 Nf6 2. g3 g6 3. Bg2 Bg7 4. e4 d6 5. Ne2 O-O 6. O-O c5 7. Nbc3 Nc6 8. d3
Ne8 9. Rb1 Nc7 10. Nd5 e6 11. Ne3 a5 12. h4 Rb8 13. Nf4 e5 14. Nfd5 Nxd5 15.
cxd5 Nd4 16. a3 b5 17. b3 Bd7 18. Nc2 h5 19. Nxd4 cxd4 20. f4 Bg4 21. Bf3 f5
1/2-1/2

[Event "Oberhausener SV 1 - SF Essen-Katernberg"]
[Site "Oberliga NRW 2017/2018"]
[Date "2017.12.17"]
[Round "4.8"]
[White "Voge, Andreas"]
[Black "Kaeding, Rainer"]
[Result "0-1"]
[WhiteElo "2052"]
[BlackElo "2129"]
[PlyCount "66"]
[EventDate "2017.??.??"]
[WhiteTeam "Oberhausener SV 1"]
[BlackTeam "SF Essen-Katernberg  1"]

1. e4 c5 2. Nf3 e6 3. d4 cxd4 4. Nxd4 Nc6 5. Nc3 Qc7 6. f4 a6 7. Be3 b5 8. Nxc6
Qxc6 9. Bd3 Bb7 10. Qe2 b4 11. Nd1 Nf6 12. Nf2 d5 13. e5 Nd7 14. Qg4 g6 15. O-O
Bc5 16. Bd2 Qb6 17. Qg3 h5 18. Kh1 h4 19. Qh3 Bxf2 20. Rxf2 a5 21. Rff1 d4 22.
a3 Nc5 23. axb4 axb4 24. Rxa8+ Bxa8 25. Ra1 Bb7 26. Be1 b3 27. Bf2 bxc2 28.
Bxd4 Qb4 29. Bxc5 Qxb2 30. Bb5+ Qxb5 31. Qc3 Qe2 32. Bf2 O-O 33. Qe1 Qg4 0-1

[Event "SG Porz 2- SK Münster 1"]
[Site "Porz"]
[Date "2017.12.17"]
[Round "4.1"]
[White "Holtel, Jasper"]
[Black "Peschlow, Patrick"]
[Result "1/2-1/2"]
[WhiteElo "2135"]
[BlackElo "2312"]
[PlyCount "98"]
[EventDate "2017.??.??"]
[WhiteTeam "SK Münster"]
[BlackTeam "SG Porz 2"]

1. e4 c5 2. Nf3 Nc6 3. Bb5 Nf6 4. Bxc6 dxc6 5. d3 Bg4 6. h3 Bxf3 7. Qxf3 g6 8.
O-O Bg7 9. Na3 Nd7 10. Nc4 O-O 11. Qg3 b5 12. Ne3 e5 13. a4 a6 14. Kh1 Qe7 15.
Bd2 Qe6 16. Qf3 Rfd8 17. Rfd1 Nf8 18. b3 Qe7 19. Bc3 Ne6 20. Qe2 Nd4 21. Bxd4
cxd4 22. Nf1 Qe6 23. Ra2 Bf8 24. Qe1 a5 25. Qe2 Bb4 26. Nd2 Rd7 27. Kg1 Rf8 28.
Nf3 Bc3 29. Rf1 f6 30. Nd2 Qd6 31. Nb1 Bb4 32. Nd2 Rdf7 33. Nf3 Bc3 34. Nd2 Rg7
35. Nb1 Bb4 36. Nd2 Kh8 37. Nf3 Bc3 38. Kh1 h5 39. Ng1 Rh7 40. Nf3 Qe6 41. Nh4
Rg8 42. Qf3 Qe7 43. Qe2 Qe6 44. Kg1 Qe8 45. Qf3 Rf8 46. Qe2 Rg7 47. Kh1 Qe7 48.
Kg1 Re8 49. Kh1 Rf8 1/2-1/2

[Event "SG Porz 2- SK Münster 1"]
[Site "Porz"]
[Date "2017.12.17"]
[Round "4.2"]
[White "Pauly, Carlo"]
[Black "Webb, Laurence"]
[Result "1/2-1/2"]
[WhiteElo "2268"]
[BlackElo "2255"]
[PlyCount "67"]
[EventDate "2017.??.??"]
[WhiteTeam "SG Porz 2"]
[BlackTeam "SK Münster"]

1. d4 Nf6 2. c4 c5 3. d5 b5 4. cxb5 a6 5. bxa6 g6 6. Nc3 Bg7 7. f4 Qa5 8. Qd2
Bxa6 9. Nf3 e6 10. e4 Bxf1 11. Rxf1 O-O 12. Rf2 exd5 13. exd5 Na6 14. Kf1 Nb4
15. Kg1 c4 16. Ne5 Qa6 17. d6 Rfe8 18. Rf3 Re6 19. Qf2 Nd3 20. Qf1 Rxd6 21. Be3
Re6 22. Nxd3 cxd3 23. Bd4 d2 24. f5 gxf5 25. Rxf5 Qxf1+ 26. Raxf1 Ne4 27. Bxg7
Kxg7 28. Nxe4 Rxe4 29. Rxf7+ Kg6 30. Rxd7 Re2 31. Rd6+ Kg7 32. Rd7+ Kg6 33.
Rd6+ Kg7 34. Rd7+ 1/2-1/2

[Event "SG Porz 2- SK Münster 1"]
[Site "Porz"]
[Date "2017.12.17"]
[Round "4.3"]
[White "Muschik, Benedikt"]
[Black "Suvorov, Alexander"]
[Result "1/2-1/2"]
[WhiteElo "2234"]
[BlackElo "2120"]
[PlyCount "70"]
[EventDate "2017.??.??"]
[WhiteTeam "SK Münster"]
[BlackTeam "SG Porz 2"]

1. d4 Nf6 2. Bf4 g6 3. e3 Bg7 4. Nf3 d6 5. Be2 O-O 6. O-O c5 7. c3 Nc6 8. Nbd2
Nh5 9. Bg5 h6 10. Bh4 g5 11. Ne1 Nf6 12. Bg3 cxd4 13. cxd4 Bf5 14. Nd3 Qd7 15.
Qb3 Ne4 16. Nxe4 Bxe4 17. Rac1 Rac8 18. Rfd1 Kh8 19. h4 Bf6 20. hxg5 hxg5 21.
f3 Bg6 22. Nf2 Bg7 23. Nh3 f6 24. a3 Na5 25. Qd5 Qf5 26. Qa2 Rxc1 27. Rxc1 Rc8
28. Rxc8+ Qxc8 29. b4 Qc1+ 30. Kh2 Nc6 31. Qb3 Qd2 32. Bf1 Qc1 33. Be2 Qd2 34.
Bf1 Qc1 35. Be2 Qd2 1/2-1/2

[Event "SG Porz 2- SK Münster 1"]
[Site "Porz"]
[Date "2017.12.17"]
[Round "4.4"]
[White "Suvorov, Luca"]
[Black "Chilla, Jan Eric"]
[Result "1/2-1/2"]
[WhiteElo "2061"]
[BlackElo "2153"]
[PlyCount "37"]
[EventDate "2017.??.??"]
[WhiteTeam "SG Porz 2"]
[BlackTeam "SK Münster"]

1. d4 Nf6 2. c4 e6 3. Nf3 d5 4. Nc3 Bb4 5. Bg5 h6 6. Bxf6 Qxf6 7. e3 O-O 8. Rc1
dxc4 9. Bxc4 c5 10. O-O cxd4 11. Qxd4 Qxd4 12. Nxd4 Bd7 13. Rfd1 Nc6 14. a3
Bxc3 15. Rxc3 Rfd8 16. Nxc6 Bxc6 17. Rcd3 Rxd3 18. Bxd3 Kf8 19. f3 1/2-1/2

[Event "SG Porz 2- SK Münster 1"]
[Site "Porz"]
[Date "2017.12.17"]
[Round "4.5"]
[White "Kamp, Christoph"]
[Black "Ramien, David"]
[Result "1-0"]
[WhiteElo "2209"]
[BlackElo "2092"]
[PlyCount "73"]
[EventDate "2017.??.??"]
[WhiteTeam "SK Münster"]
[BlackTeam "SG Porz 2"]

1. c4 g6 2. Nc3 Bg7 3. d4 Nf6 4. e4 d6 5. Be2 O-O 6. Nf3 e5 7. O-O Nc6 8. d5
Ne7 9. Ne1 Ne8 10. Nd3 f5 11. Bd2 Nf6 12. f3 f4 13. g4 fxg3 14. hxg3 c6 15. Be3
cxd5 16. cxd5 Bd7 17. Kg2 Nc8 18. Rh1 Nb6 19. b3 Rc8 20. Qd2 Qe7 21. Nb2 Rc7
22. Rac1 Qf7 23. Bxb6 axb6 24. Nc4 Qe7 25. Nxb6 Nh5 26. Nb5 Bxb5 27. Bxb5 Rxc1
28. Qxc1 Bf6 29. Bd7 Bg5 30. Qc3 Bh6 31. Bg4 Qg5 32. Nc4 Rf6 33. a4 Bf8 34. Qc1
Nf4+ 35. gxf4 Rxf4 36. Qe1 Be7 37. Qg3 1-0